Central Library OPAC University of Rajshahi

জীবনানন্দ, সুধীন্দ্রনাথ এবং... / (Record no. 48306)

MARC details
000 -LEADER
fixed length control field 00930nam a22002297a 4500
001 - CONTROL NUMBER
control field 48306
003 - CONTROL NUMBER IDENTIFIER
rucl marc code BD-RjUL
005 - DATE AND TIME OF LATEST TRANSACTION
control field 20211209054510.0
008 - FIXED-LENGTH DATA ELEMENTS--GENERAL INFORMATION
fixed length control field 160813s2000 ii ||||| |||| 00| 0 ben d
020 ## - INTERNATIONAL STANDARD BOOK NUMBER
International Standard Book Number 8176125989
Terms of availability : TK 60.00
035 ## - SYSTEM CONTROL NUMBER
System control number (BD-RjUL)48425
040 ## - CATALOGING SOURCE
Original cataloging agency BD-RjUL
Language of cataloging ben
Transcribing agency BD-RjUL
041 ## - LANGUAGE CODE
Language code of text/sound track or separate title ben
082 ## - DEWEY DECIMAL CLASSIFICATION NUMBER
Edition number 23
Classification number 891.44109
Author mark and year BAJ 2000
100 1# - MAIN ENTRY--PERSONAL NAME
Personal name বন্দ্যোপাধ্যায়, হিমানী
9 (RLIN) 146256
245 10 - TITLE STATEMENT
Title জীবনানন্দ, সুধীন্দ্রনাথ এবং... /
Statement of responsibility, etc. হিমানী বন্দ্যোপাধ্যায়.
260 ## - PUBLICATION, DISTRIBUTION, ETC. (IMPRINT)
Place of publication, distribution, etc. কলকাতা :
Name of publisher, distributor, etc. দে'জ পাবলিশিং,
Date of publication, distribution, etc. ২০০০.
300 ## - PHYSICAL DESCRIPTION
Pagination ১২৮ পৃ. ;
Size ২২ সেমি.
650 ## - SUBJECT ADDED ENTRY--TOPICAL TERM
Topical term or geographic name as entry element বাংলা সাহিত্য - কবিতা
Form subdivision ইতিহাস
9 (RLIN) 145761
Topical term or geographic name as entry element Bangali Literature--Poetry
Form subdivision history
9 (RLIN) 146218
942 ## - ADDED ENTRY ELEMENTS (KOHA)
Source of classification or shelving scheme Dewey Decimal Classification
Koha item type Books
Holdings
Lost status Source of classification or shelving scheme Damaged status Not for loan Collection code Permanent Location Current Location Shelving location Date acquired Source of acquisition Cost, normal purchase price Total Checkouts Full call number Date last seen Date checked out Copy number Koha item type
  Dewey Decimal Classification     Non-fiction Central Library, University of Rajshahi Central Library, University of Rajshahi   11/03/2008 Paragon Enterprises Dhaka 60.00 2 B 891.44109 BAJ 2000 12/05/2026 28/04/2026 C-2 Books
  Dewey Decimal Classification     Non-fiction Central Library, University of Rajshahi Central Library, University of Rajshahi   11/03/2008 Paragon Enterprises Dhaka 60.00   B 891.44109 BAJ 2000 13/08/2016   C-3 Books
  Dewey Decimal Classification     Non-fiction Central Library, University of Rajshahi Central Library, University of Rajshahi   11/03/2008 Paragon Enterprises Dhaka 60.00   B 891.44109 BAJ 2000 01/11/2016   C-4 Books
  Dewey Decimal Classification   Not For Loan Non-fiction Central Library, University of Rajshahi Central Library, University of Rajshahi Reading Room 11/03/2008 Dhaka, Paragon ent. Ltd. 60.00   B 891.44109 BAJ 2000 13/02/2017   C-1 Books
  Dewey Decimal Classification     Non-fiction Central Library, University of Rajshahi Central Library, University of Rajshahi General Stacks 11/03/2008 Paragon Enter prise 60.00   B 891.44109 BAJ 2000 08/04/2025   C-5 Books